State Codes (covers CID-YNG) oldchap Quiz Stats

 Plays Quiz not verified by Sporcle

Score 0/51 Timer 03:00
0 Plays Today
Code Full State Name % Correct
CIDIowa
81.5%
ICTKansas
70.4%
LEXKentucky
70.4%
BTRLouisiana
48.1%
BOSMassachusetts
37%
BWIMaryland
37%
DTWMichigan
37%
PWMMaine
29.6%
CLTNorth Carolina
29.6%
DLHMinnesota
22.2%
MCIMissouri
18.5%
BISNorth Dakota
18.5%
JANMississippi
14.8%
LNKNebraska
14.8%
LASNevada
14.8%
ALBNew York
14.8%
BILMontana
11.1%
EWRNew Jersey
11.1%
ABQNew Mexico
11.1%
CAKOhio
11.1%
SDFKentucky ii
7.4%
MHTNew Hampshire
7.4%
DSMIowa ii
3.7%
SUXIowa iii
3.7%
MSYLouisiana ii
3.7%
SHVLouisiana iii
3.7%
Code Full State Name % Correct
FNTMichigan ii
3.7%
GRRMichigan iii
3.7%
LANMichigan iv
3.7%
MBSMichigan v
3.7%
MSPMinnesota ii
3.7%
RSTMinnesota iii
3.7%
SGFMissouri ii
3.7%
STLMissouri iii
3.7%
GTFMontana ii
3.7%
GSONorth Carolina ii
3.7%
RDUNorth Carolina iii
3.7%
FARNorth Dakota ii
3.7%
OMANebraska ii
3.7%
RNONevada ii
3.7%
BUFNew York ii
3.7%
JFKNew York iii
3.7%
LGANew York iv
3.7%
ROCNew York v
3.7%
HPNNew York vi
3.7%
CVGOhio ii
3.7%
CLEOhio iii
3.7%
CMHOhio iv
3.7%
DAYOhio v
3.7%
TOLOhio vi
3.7%
YNGOhio vii
3.7%

You're not logged in!

Compare scores with friends on all Sporcle quizzes.
OR
Log In

You Might Also Like...

Show Comments

Extras

Top Quizzes Today


Score Distribution

Your Account Isn't Verified!

In order to create a playlist on Sporcle, you need to verify the email address you used during registration. Go to your Sporcle Settings to finish the process.

Report this User

Report this user for behavior that violates our Community Guidelines.

Details: